000 00464cam a2200181ua 4500
020 _a81 204 0101 8
_c45.00
041 _aeng
_h
082 _a005.133
_bSRI/PR
100 _aSridhar, K T .
245 _aProgramming with PASCAL /
_cK T Sridhar.
_hTextual Documents
250 _a1 /
_b.
260 _aNew Delhi :
_bOxford & IBH Publishing company ,
_c1985.
300 _a369 ; .
365 _a45.00
504 _a
942 _cBK
999 _c2614
_d2614